000 00647nam a2200253 a 4500
001 nice12345678
003 IN_TiNIC
005 20260116011440.0
008 050524s1895 lona grp 000 0 eng
020 _a
_c100
082 0 0 _a934.02
_bRAG
100 _aRagozin, Zenaide A
245 _aVedic India
_b as Embodied Principally in the Rig-Vda
260 _aLondon
_bT.Fisher Unwin Ltd
_c1895
300 _a457p
500 _aincludes index and biblioraphy
505 2 _aIndex, Illus
650 _aIndia-Ancient Vedic
650 _aVedic Religion
700 1 _aRagozin, Zenaide A
902 _bSRS
942 _cBK
999 _c1631
_d1631